Este domingo

Bewaard in:
Bibliografische gegevens
Hoofdauteur: Donoso, José (Auteur)
Formaat: Boek
Taal:Spaans
Gepubliceerd in: Santiago Aguilar Chilena de Ediciones 1995
Reeks:Alfaguara Bolsillo
Onderwerpen:
Tags: Voeg label toe
Geen labels, Wees de eerste die dit record labelt!

MARC

LEADER 00000nam a2200000 a 4500
001 UCH4024
003 CL-VaPUC
008 090818e19950000CL |||||||||||||||||spa|d
082 0 4 |a Ch863  |b DON  |2 21 
100 0 |a Donoso, José  |e author  |9 313758 
245 1 0 |a Este domingo 
300 |a 210 p 
942 |c BK 
945 |d 20090818 00:00:00  |a lazolas 
260 |a Santiago  |b Aguilar Chilena de Ediciones  |c 1995 
650 0 |a Novelas chilenas   |9 265425 
583 |a last modification  |c 20090818 00:00:00  |k Rodrigo Vera 
490 0 |a Alfaguara Bolsillo 
999 |c 335378  |d 335376